Las Relaciones entre el gobierno central y empresas públicas: planteamiento del problema

שמור ב:
מידע ביבליוגרפי
מחבר ראשי: Boneo, Horacio
פורמט: Texto
יצא לאור: San José: ICAP
תגים: הוספת תג
אין תגיות, היה/י הראשונ/ה לתייג את הרשומה!

MARC

LEADER 00000 a a2200000 04500
001 17422
003
040
090 |a 020100  
100 |a Boneo, Horacio  
245 |a Las Relaciones entre el gobierno central y empresas públicas: planteamiento del problema  
260 |a San José:   |b ICAP  
300 |a 70 p.  
999 |c 5703  |d 5703